Statistics for The 100 Greatest Looney Tunes Cartoons Quiz

Click here to take the quiz!

General Stats

  • This quiz has been taken 58 times
  • The average score is 37 of 100

Answer Stats

HintAnswer% Correct
"It isn't as though I haven't lived up to my contract, goodness knows, and goodness knows, it isn't as if I haven't kept myself trim, goodness knows i've done that."Duck Amuck
71%
"Oh, mighty warrior of great fighting stock! Might I enquire to ask, eh, what's up doc?"What's Opera, Doc?
71%
"There, you're nice and clean- though your face looks like it might have gone through a machine!"Rabbit of Seville
68%
"Hello ma baby! Hello ma honey! Hello ma ragtime gal!"One Froggy Evening
65%
"Pronoun Trouble!"Rabbit Seasoning
65%
"Yolks and away!"Robin Hood Daffy
59%
"Rabbits au gratin du jour, under tubed leather- drool, drool."Rabbit Fire
56%
"Once a bad ol' putty tat, always a bad ol' putty tat!"Birds Anonymous
53%
"Funny, I didn't think molasses would run in January!"Duck! Rabbit, Duck!
53%
"Beep! Beep!"Fast and Furry-Ous
53%
"Even though I got a C in Arithmetic, you can... I mean, you may depend on me, your captainship, sir!"From A to Z-Z-Z-Z
53%
"Hassan chop!"Ali Baba Bunny
47%
"What's up, doc?"A Wild Hare
47%
"Okay Clancy, take the boys and surround the house!"Bugs and Thugs
47%
"Enough is too much! Ot of my house, you hotcha! You crooner! You falsetto! You jazz singer, you-you-phooey!"I Love to Singa
47%
"Penguins is practically chickens!"8 Ball Bunny
44%
Yuh know somethin'? I, uh, think he's a-trickin' me!"Bugs Bunny gets the Boid
44%
"I wanna easta egg! I wanna easta egg!"Easter Yeggs
44%
"You make me very angry! Very angry indeed!"Haredevil Hare
44%
"A runabout! I'll steal it! No one will ever know!"The Dover Boys
44%
"It's getting so you have to kill yourself to sell a story around here!"The Scarlet Pumpernickel
44%
"Stop that dancing up there...You sillies!Book Revue
41%
"Don't you dare bring one more thing into this house!"Feed the Kitty
41%
"Hiccup!"High Note
41%
"Allow me to introduce myself, my name is Wile E.Coyote, genius!"Operation: Rabbit
41%
"And just what were you going to do with that anvil?"Scaredy Cat
41%
"Think to what we've been to each other! Why, we've been like Rabbit and Costello, Damon and Runyon, Stan and Laurel! You don't want to break up the act, do ya?"The Big Snooze
41%
"I tawt I taw a putty tat!A Tale of Two Kitties
38%
"I'm a pirate, sea-goin' Sam, the bloodthirstiest, shoot-em firstiest, doggone worstiest buccaneer that ever sailed the Spanish main!"Buccaneer Bunny
38%
"Of course you realize, this means war!"Bully for Bugs
38%
"Gimme gimme gimme, quick quick quick, gimme the can opener!"Canned Feud
38%
"I may be down, but the jig is up!"Deduce, You Say
38%
"What's all the hubbub, bub?"Draftee Daffy
38%
"There's gonna be a sneak preview, and the sneaks ain't gonna like it!"Drip-Along Daffy
38%
"Happy birthday, you thing from another world, you!"Duck Dodgers in the 241/2th Century
38%
"Hey! Could that have been a gremlin?"Falling Hare
38%
"Monsters lead such in-teresting lives!"Hair-Raising Hare
38%
"Gimme a ticket! Gimme a whole mess of 'em! I'm a-splurgin'!"High Diving Hare
38%
"Grab a fence post, hold it tight, whomp your partner with all your might!"Hillbilly Hare
38%
"Tonight it gives me extreme pleasure to present our interpreta-interpret-inter-intoipretation of a familiar fairy tale entitled 'The Big Bad Wolf (andthethreelittlepigs)Pigs in a Polka
38%
Smellevision replaces television, Carl Stalling sez it'll never work!"The Old Grey Hare
38%
"He'll be back!"You Ought to be in Pictures
38%
"Listen to the whippering whythm of the woodwinds as it wolls awound ana awound... and it comes out here!"A Corny Concerto
35%
"Well, lolly, you know how I hate to talk about myself, but...uh, let us turn back the clock!"A Hare Grows in Manhattan
35%
"You're just an angel in disguise."Back Alley Oproar
35%
"Watch me paste this pathetic palooka wit' a powerful, paralyzing, poifect, pachydoi'mous, percussion pitch."Baseball Bugs
35%
"I ain't an ape! I'm a rabbit! Look: Long ears, fluffy tail, technically known as a Rodentus Rabbitus!"Gorilla My Dreams
35%
"Beep! Beep!"Guided Muscle
35%
"If I ever told my favorite wife the awful truth, i'd land right on the front page!Hollywood Steps Out
35%
"We've been skidded out, scooted out, backed out, and booted out!"Kitty Kornered
35%
"Oh, Mr. Jones! Frankie and Perry just aren't in it! You're my swooner dreamboat lover boy!Long-Haired Hare
35%
"Pumpernickel vit der sauerkrauten from der delikatessin vit liverwurst, und hassenpfeffer und der chattanooga choo choo!"Russian Rhapsody
35%
"There can only be one explanation for white tile in a dressing room- and that's it!"Show Biz Bugs
35%
"Nothing's impossible to Duck Twacy!"The Great Piggy Bank Robbery
35%
"Did you ever operate on a sick cat before?"The Hypo-Chondri Cat
35%
"You fools! What are you doing? I'm the rabbit!"Tortoise Wins by a Hare
35%
"One of these things, I say, one of these things has got to be a chicken!Walky Talky Hawky
35%
"Iron bars do not a prison make- But they sure help, eh doc?"Acrobatty Bunny
32%
"If there's anything we've got plenty of, It's good ol' peace and quiet!"A Pest in the House
32%
"I'll do it, but i'll probably hate myself in the morning!"Little Red Riding Rabbit
32%
"Where we get these brains, Jose?"Mexicali Schmoes
32%
"I don't see why I have to learn the old pledge of allegiance, anyway!"Old Glory
32%
"Any similarity between this hotel and other hotels, living or dead, is purely coincidential."Porky Pig's Feat
32%
"I'm so worried about the baby- he's doing your income tax!"Rocket-Bye Baby
32%
"If he wants me, all he has to do is whistle."Slick Hare
32%
"Meadows...Meadows!...Meadows!...Meadooows!"The Aristo-Cat
32%
"I'm not leaving till I sell you something!"The Stupor Salesman
32%
"I'm going to tay-ell...i'm going to tay-ell"Thugs with Dirty Mugs
32%
"West and wewaxation at wast!Wabbit Twouble
32%
"When my little pink cheeks are pale with fright, who is it that lifts me and holds me tight, and says 'there, there, little man, everything is all right'? My paw!"A Bear for Punishment
29%
"Oh yes, Mr. Cantor! You say you haven't got that boy yet? Well, if at first you don't succeed... woo-hoo-hoo-hoo!"Baby Bottleneck
29%
"I'm wacky over khaki now!"Coal Black and de Sebben Dwarfs
29%
"Dat putty tat is turnin' out to be an awful stinker!"Dog Pounded
29%
"When I get my hands on that money i'll buy the old ladies home and kick the old ladies out!"Honey's Money
29%
"It can happen here!"Porky in Wackyland
29%
"Don't be chicken, cat! You've got eight lives left!"Satan's Waitin'
29%
"We're in to win!"Scrap Happy Daffy
29%
"Mornin' Ralph! Mornin' Sam!"Steal Wool
29%
"Look-a here, Porky old man- let the Ol'Groaner take a whirl at those slick chicks."Swooner Crooner
29%
"Something new has been added!"The Hep Cat
29%
"Go get 'im Spike! Go get 'im!... Spike is my hero!"Tree for Two
29%
"Come with me to the casbah- Incognito! Baby, we can't miss! You'd like a pair of nylons, huh? Then how about a kiss?"A Gruesome Twosome
26%
"I better cut this out, I may get to like it!"An Itch in Time
26%
"I like him, he's silly!"Nasty Quacks
26%
"You like Pies?"Pigs is Pigs
26%
"The little light- it stays on!"Plane Daffy
26%
"I wish my brother George was here!"The Three Little Bops
26%
"Little boys should not smoke!"Wholly Smoke
26%
"Cartoons! Bah! Degrading occupation, stooge for a cat and mouse!"A Ham in a Role
24%
"Oh, Belvedeah!"Dog Gone South
24%
Much Ado About Nutting
24%
"Boy, do I slay 'em!"Page Miss Glory
24%
Rhapsody in Rivets
24%
"Now i've seen everything!"The Stupid Cupid
24%
"Gimme that old-time religion! It's good enough for me!"Tin Pan Alley Cats
24%
"It's a livin'!"Bunny Hugged
21%
"If I can't take it with me, i'm not goin'!"Dough Ray Me-Ow
21%
"Confidentially, she stings!"Eatin' on the Cuff
21%
"Don't forget the gravy!"Chow Hound
18%
"Yoo-hoo! It's prince Chow-Mein Cindy- come out, come out, wherever you are!"Cinderella Meets Fella
15%

Score Distribution

Percentile by Number Answered

Percent of People with Each Score

Your Score History

You have not taken this quiz